00000000nam 2200000zi 4500
0019.944948
003CaOODSP
00520250324130958
006m     o  d f      
007cr |n ||||||||
008241107s1984    oncdb   o    f|0| 0|fre d
040 |aCaOODSP|bfre|erda|cCaOODSP
041 |afre|aeng
043 |an-cn---
0861 |aCo23-126/1984-PDF
24500|aCanadian television channel allotment plan = |bPlan d'allotissement des canaux de télévision au Canada.
24631|aPlan d'allotissement des canaux de télévision au Canada
264 1|a[Ottawa] : |bGovernment of Canada, Department of Communications, Telecommunication Regulatory Service = Gouvernement du Canada, Ministère des communications, Service de la réglementation des télécommunications, |c[1984]
300 |a1 ressource en ligne (iv, iv, 30, 30 pages) : |bcartes, graphiques
336 |atexte|btxt|2rdacontent/fre
337 |ainformatique|bc|2rdamedia/fre
338 |aressource en ligne|bcr|2rdacarrier/fre
500 |aÉdition numérisée de l'imprimé [par Innovation, sciences et développement économique Canada].
500 |a« Mise en vigueur : 1er mars 1984. »
546 |aTexte en français et en anglais.
650 6|aTélévision|xFréquences|xAttribution|zCanada.
650 6|aStations de télévision|zCanada|xIndicatifs.
7101 |aCanada. |bMinistère des communications, |eorganisme de publication.
788 |tCanadian television channel allotment plan = |eeng|w(CaOODSP)9.930262
85640|qPDF|s2.05 Mo|uhttps://publications.gc.ca/collections/collection_2024/isde-ised/Co23-126-1984.pdf